U.S. State Capitals Closest to Their State's Center of Population - Statistics

General Stats
  • This quiz has been taken 37 times
  • The average score is 6 of 10
Answer Stats
Miles Capital % Correct
16 Boston
79%
6 Providence
79%
3 Augusta
64%
12 Dover
64%
13 Phoenix
64%
6 Concord
61%
16 Montpelier
61%
13 Harrisburg
54%
3 Columbia
46%
11 Jefferson City
32%
No matching quizzes found
Score Distribution
Percent of People with Each Score
Percentile by Number Answered
Your Score History
You have not taken this quiz